000 00690nam a22001937a 4500
999 _c370073
_d370073
008 201130b ||||| |||| 00| 0 eng d
040 _bger
_cDE-2950
_erda
_aDE-2950
041 _ager
245 _aStadt übernimmt Impfzentrum.
_bCorona: Ab dem 2. August kann man ohne Terminvereinbarung zum Impfzentrum auf dem Messegelände kommen.
264 _c2021
653 _aFrankfurt (Oder)
653 _aCorona
653 _aImpfzentrum
773 _dFrankfurt (Oder): Märkisches Verlags- und Druckhaus GmbH & Co KG
_g32. Jahrgang (2021) Nr. 176 vom 31.07.2021, S. 17: Foto
_tMärkische Oderzeitung
942 _cA